La prescripción extintiva / (Registro nro. 6885)
[ vista simple ]
| 000 -LEADER | |
|---|---|
| fixed length control field | 01385cam a2200265 a 4500 |
| 003 - CONTROL NUMBER IDENTIFIER | |
| control field | OSt |
| 005 - DATE AND TIME OF LATEST TRANSACTION | |
| control field | 20200925133409.0 |
| 008 - FIXED-LENGTH DATA ELEMENTS--GENERAL INFORMATION | |
| fixed length control field | 010816s2000 ck r 001 0 spa d |
| 020 ## - INTERNATIONAL STANDARD BOOK NUMBER | |
| International Standard Book Number | 9586164802 |
| 040 ## - CATALOGING SOURCE | |
| Original cataloging agency | CO-BoPUJ |
| Transcribing agency | CO-JMCR |
| 041 0# - LANGUAGE CODE | |
| Language code of text/sound track or separate title | spa |
| 082 04 - DEWEY DECIMAL CLASSIFICATION NUMBER | |
| Classification number | 346.0438 / |
| Item number | H662p |
| Edition number | 23 |
| 100 1# - MAIN ENTRY--PERSONAL NAME | |
| Personal name | Hinestrosa Forero, Fernando, |
| Dates associated with a name | 1931-2012 |
| Relator term | autor |
| 9 (RLIN) | 10843 |
| 245 13 - TITLE STATEMENT | |
| Title | La prescripción extintiva / |
| Statement of responsibility, etc. | Fernando Hinestrosa |
| 250 ## - EDITION STATEMENT | |
| Edition statement | Primera edición |
| 260 ## - PUBLICATION, DISTRIBUTION, ETC. | |
| Place of publication, distribution, etc. | Bogotá : |
| Name of publisher, distributor, etc. | Universidad Externado de Colombia, |
| Date of publication, distribution, etc. | 2000. |
| 300 ## - PHYSICAL DESCRIPTION | |
| Extent | 281 páginas ; |
| Dimensions | 25 cm. |
| 504 ## - BIBLIOGRAPHY, ETC. NOTE | |
| Bibliography, etc. note | Bibliografía: páginas 257-263. |
| 505 0# - FORMATTED CONTENTS NOTE | |
| Formatted contents note | Evolución histórica de la prescripción extintiva. --- La prescripción en los códigos. -- Derechos y acciones imprescriptibles. -- Razón de ser de la prescripción. -- Objeto de la prescripción. -- Legitimación para hacer valer la prescripción. -- Funcionamiento de la prescripción. -- "IPSO IURE" U "OPE exceptionis". -- iniciación del cómputo del tiempo. -- Suspensión. -- Interrupción. -- Renuncia. -- Clases de prescripción extintiva. -- Efectos. -- Términos. -- Alteración de los términos. -- Tendencias actuales. -- Caducidad |
| 650 24 - SUBJECT ADDED ENTRY--TOPICAL TERM | |
| Topical term or geographic name entry element | Prescripción (Derecho) |
| 9 (RLIN) | 10844 |
| 650 24 - SUBJECT ADDED ENTRY--TOPICAL TERM | |
| Topical term or geographic name entry element | Prescripción extintiva |
| 9 (RLIN) | 10845 |
| 650 24 - SUBJECT ADDED ENTRY--TOPICAL TERM | |
| Topical term or geographic name entry element | Caducidad (Derecho) |
| 9 (RLIN) | 10846 |
| 710 2# - ADDED ENTRY--CORPORATE NAME | |
| Corporate name or jurisdiction name as entry element | Universidad Externado de Colombia |
| 9 (RLIN) | 8197 |
| 942 ## - ADDED ENTRY ELEMENTS (KOHA) | |
| Source of classification or shelving scheme | Dewey Decimal Classification |
| Koha item type | Books |
| Withdrawn status | Lost status | Source of classification or shelving scheme | Damaged status | Not for loan | Home library | Current library | Shelving location | Date acquired | Source of acquisition | Total Checkouts | Full call number | Barcode | Date last seen | Copy number | Price effective from | Koha item type |
|---|---|---|---|---|---|---|---|---|---|---|---|---|---|---|---|---|
| Dewey Decimal Classification | Biblioteca Pública José María del Castillo y Rada | Biblioteca Pública José María del Castillo y Rada | General Stacks | 04/15/2018 | Donación | 346.0438 / H662p | 201810114 | 05/16/2024 | Ej.1 | 04/15/2018 | Books |